Imposition des bénéfices: quel systeme retenir en économie ouverte?
Problémy hospodárskej politiky vyvolané medzinárodnými investíciami. Princíp územný a princíp zdanenia zisku. Rovnosť medzi národmi. Ako zmierniť dvojité zdanenie na medzinárodnú úroveň? (OCDE, L'imposition des bénéfices dans une économie globale - Questions nationales et internationales 1991).
Salvato in:
| Natura: | Capitolo di libro |
|---|---|
| Lingua: | francese |
| Soggetti: | |
| Tags: |
Nessun Tag, puoi essere il primo ad aggiungerne!!
|
MARC
| LEADER | 00000naa a2200000 4500 | ||
|---|---|---|---|
| 001 | r009560 | ||
| 005 | 20220913125001.1 | ||
| 041 | 0 | |a fre | |
| 044 | |a FR | ||
| 245 | 1 | 0 | |a Imposition des bénéfices: quel systeme retenir en économie ouverte? |
| 520 | |a Problémy hospodárskej politiky vyvolané medzinárodnými investíciami. Princíp územný a princíp zdanenia zisku. Rovnosť medzi národmi. Ako zmierniť dvojité zdanenie na medzinárodnú úroveň? (OCDE, L'imposition des bénéfices dans une économie globale - Questions nationales et internationales 1991). | ||
| 610 | 2 | 0 | |a politika hospodárska |
| 610 | 2 | 0 | |a investície zahraničné |
| 610 | 2 | 0 | |a dane zo zisku |
| 610 | 2 | 0 | |a sústava daňová |